Tarjuma Hassan Hasseen Bitarteeb Jadeed (Record no. 592029)

000 -LEADER
fixed length control field 00309nam a22001217a 4500
082 ## - DEWEY DECIMAL CLASSIFICATION NUMBER
Classification number 242.5
Author Mark IDR
100 ## - MAIN ENTRY--PERSONAL NAME
Personal name Muhammad Idris
245 ## - TITLE STATEMENT
Title Tarjuma Hassan Hasseen Bitarteeb Jadeed
Statement of responsibility, etc. Muhammad Idris
260 ## - PUBLICATION, DISTRIBUTION, ETC.
Place of publication, distribution, etc. Lahore
Name of publisher, distributor, etc. Taj Company Limited
Date of publication, distribution, etc. 2000
300 ## - PHYSICAL DESCRIPTION
Extent 340p
563 ## - BINDING INFORMATION
Binding note HB
942 ## - ADDED ENTRY ELEMENTS (KOHA)
Source of classification or shelving scheme
Koha item type Book
Holdings
Withdrawn status Lost status Source of classification or shelving scheme Materials specified (bound volume or other part) Damaged status Not for loan Permanent Location Current Location Date acquired Source of acquisition Total Checkouts Full call number Barcode Date last seen Price effective from Koha item type
      Donated by Major Zahid DCE, SEECS-NUST     Central Library (CL) Central Library (CL) 10/25/2022 Donation   242.5 IDR CL-D-2107 10/25/2022 10/25/2022 Book
© 2023 Central Library, National University of Sciences and Technology. All Rights Reserved.